Julio, 1914: el mes trágico
Saved in:
| Hovedforfatter: | |
|---|---|
| Format: | Bog |
| Sprog: | spansk |
| Udgivet: |
Barcelona, España
Juventud
1930
|
| Fag: | |
| Tags: |
Tilføj Tag
Ingen Tags, Vær først til at tagge denne postø!
|
MARC
| LEADER | 00000nam a2200000 a 4500 | ||
|---|---|---|---|
| 001 | UCO0327 | ||
| 003 | CL-VaPUC | ||
| 005 | 20210728001526.0 | ||
| 008 | 000420e19300000SP |||||||||||||||||spa|d | ||
| 999 | |c 287038 |d 287036 | ||
| 040 | |c Pontificia Universidad Católica de Valparaíso | ||
| 082 | 0 | 4 | |a 940.3 LUD 1930 |2 21 |
| 100 | |a Ludwig, Emil |e autor |9 588142 | ||
| 245 | 1 | 0 | |a Julio, 1914: el mes trágico |
| 260 | |a Barcelona, España |b Juventud |c 1930 | ||
| 300 | |a 255 páginas | ||
| 583 | |a last modification |c 20120830 10:58:23 |k Rodrigo Vera | ||
| 650 | 7 | |a HISTORIA DE EUROPA 1914 |2 CL-VaPUC |9 441526 | |
| 650 | 0 | |a Historia contemporánea |9 343224 | |
| 650 | 0 | |a Primera Guerra Mundial |9 373283 | |
| 942 | |c BK |2 ddc | ||
| 945 | |d 20000420 00:00:00 |a rherrera | ||
| 952 | |0 0 |1 0 |2 ddc |4 0 |6 940_300000000000000_LUD_1930 |7 0 |8 X |9 333428 |a BIBHIS |b BIBHIS |d 2019-11-20 |i 1264753 |o 940.3 LUD 1930 |p 1264753 |r 2024-01-30 |t 1 |w 2019-11-20 |y BK_X |k HIS | ||